Vyhodnotenie prevádzky malých čistiarní odpadových vôd a námety pre ich optimalizáciu - vybrané domové ČOV

Salvato in:
Dettagli Bibliografici
Autore principale: Kopytova, Mariia (Autore)
Altri autori: Drtil, Miloslav (Relatore della tesi)
Natura: Manoscritto Libro
Lingua:slovacco
Pubblicazione: 2024
Soggetti:
Accesso online:http://is.stuba.sk/zp/portal_zp.pl?podrobnosti=182651
Tags: Aggiungi Tag
Nessun Tag, puoi essere il primo ad aggiungerne!!

MARC

LEADER 00000ntm a22000003a 4500
001 stuzp99233
003 SK-STU
005 20240622210759.5
007 ta
008 150427s2015----xo-----f-mn---000-0-slo-d
040 |a STU  |b slo 
041 0 |a slo 
100 1 |a Kopytova, Mariia  |u 046290  |4 aut  |U FCHPT Ústav chemického a environmentálneho inžinierstva  |T FCHPT Oddelenie environmentálneho inžinierstva  |X 106308  |U C6290  |Y 120  |7 106308 
242 0 1 |a Evaluation of small wastewater treatment plants and proposal for their optimization - domestic WWTP  |y eng 
245 1 0 |a Vyhodnotenie prevádzky malých čistiarní odpadových vôd a námety pre ich optimalizáciu - vybrané domové ČOV 
260 |c 2024 
650 4 |a pozitíva a riziká prevádzky  |2 slo 
650 4 |a aktivácia  |2 slo 
650 4 |a aktivovaný kal a jeho parametre  |2 slo 
650 4 |a domová čistiareň odpadových vôd  |2 slo 
650 4 |a legislatívne požiadavky  |2 slo 
650 4 |a vyčistená voda  |2 slo 
650 4 |a activated sludge and its parameters  |2 eng 
650 4 |a activated sludge process  |2 eng 
650 4 |a domestic wastewater treatment plant  |2 eng 
650 4 |a legislation demands  |2 eng 
650 4 |a advantages and risks of operation  |2 eng 
650 4 |a treated wastewater  |2 eng 
700 1 |a Drtil, Miloslav  |u 046000  |k Z1  |4 ths  |U FCHPT Fakulta chemickej a potravinárskej technológie  |T FCHPT Ústav chemického a environmentálneho inžinierstva  |X 3377  |U C6000  |Y 104  |7 A000003377 
856 4 |u http://is.stuba.sk/zp/portal_zp.pl?podrobnosti=182651